Introduction to real analysis (Fourth edition) (Record no. 47978)

MARC details
000 -LEADER
fixed length control field 00716nam a2200181 a 4500
008 - FIXED-LENGTH DATA ELEMENTS--GENERAL INFORMATION
fixed length control field 210223s2011 ||||||||||||||||| || u
020 ## - INTERNATIONAL STANDARD BOOK NUMBER
International Standard Book Number 9780471433316
050 ## - LIBRARY OF CONGRESS CALL NUMBER
Classification number QA 300 Bar
100 ## - MAIN ENTRY--PERSONAL NAME
Personal name Bartle, Robert G
245 10 - TITLE STATEMENT
Title Introduction to real analysis (Fourth edition)
Statement of responsibility, etc. By Robert G. Bartle; Donald R. Sherbert
250 ## - EDITION STATEMENT
Edition statement Fourth edition
260 ## - PUBLICATION, DISTRIBUTION, ETC.
Place of publication, distribution, etc. New Jersey
Name of publisher, distributor, etc. John Wiley & Sons
Date of publication, distribution, etc. 2011
300 ## - PHYSICAL DESCRIPTION
Extent xiii, 402 pages : illustrations
650 ## - SUBJECT ADDED ENTRY--TOPICAL TERM
Topical term or geographic name entry element FUNCTIONS OF REAL VARIABLES
650 ## - SUBJECT ADDED ENTRY--TOPICAL TERM
Topical term or geographic name entry element MATHEMATICAL ANALYSIS
700 ## - ADDED ENTRY--PERSONAL NAME
Personal name Sherbert, Donald R
995 ## - RECOMMENDATION 995 [LOCAL, UNIMARC FRANCE]
-- 68.95
-- CBU-MAIN LIBRARY (Kitwe)
-- 1
-- AVAILABLE
-- Mar 4, 2021
-- Main Library Open Access Collection
Holdings
Withdrawn status Lost status Source of classification or shelving scheme Damaged status Not for loan Home library Current library Shelving location Date acquired Total Checkouts Full call number Barcode Date last seen Date last checked out Price effective from Koha item type
          CBU-MAIN LIBRARY, KITWE. CBU-MAIN LIBRARY, KITWE.   11/30/2022 1 QA 300 Bar 750812 03/24/2026 03/10/2026 11/30/2022 MONOGRAPH